000 01009cam a22001934a 4500
005 20250605163958.0
008 250528s ||||||||||||||||||||||||d
035 _a15549
020 _a814477380
040 _aGR-AtMCL
_bgre
_dGR-AtMCL
_eAACR2
245 1 _aIssues and Problems in Computer Networking
260 _bAmazon,
_c1990
300 _a230
520 _aThis book gives managers and nontechnical personnel a clear, down-to-earth explanation of the key concepts, concerns, and buzzwords of networking. Preface, Acknowledgements, What is Communication, The Basics, Communication Hardware Concepts, Network Design and Analysis and Politics, Network Architecture, Dial-up Networking, The Local Area Network Experience, Digital Network Architecture, Systems Network Architecture, Network Encryption, Office Automation Networks, Selecting Network Consultants, Distributed Database Issues, Network Training, Index.
700 1 _aHancock Bill
_91504
942 _cBK
999 _c1122
_d1122